ბათუმის შოთა რუსთაველის სახელმწიფო უნივერსიტეტის ბიბლიოთეკა

Gaslight in page street. (ბიბ.ჩანაწერი № 46139)

000 -LEADER
fixed length control field 00601nam a2200217Ia 4500
001 - CONTROL NUMBER
control field 12971
003 - CONTROL NUMBER IDENTIFIER
control field GE_BSU
008 - FIXED-LENGTH DATA ELEMENTS--GENERAL INFORMATION
fixed length control field 181216s||||||||xx |||||||||||||| ||und||
020 ## - INTERNATIONAL STANDARD BOOK NUMBER
International Standard Book Number 0747236909
040 ## - CATALOGING SOURCE
Transcribing agency GE_BSU
080 ## - UNIVERSAL DECIMAL CLASSIFICATION NUMBER
Universal Decimal Classification number 821.111-32
100 ## - MAIN ENTRY--PERSONAL NAME
Personal name Bowling,Harry.
245 ## - TITLE STATEMENT
Title Gaslight in page street.
245 #4 - TITLE STATEMENT
Remainder of title The new cockney saga from the bestselling author of paragon place.
260 ## - PUBLICATION, DISTRIBUTION, ETC.
Place of publication, distribution, etc. London.
260 ## - PUBLICATION, DISTRIBUTION, ETC.
Name of publisher, distributor, etc. Headline.
260 ## - PUBLICATION, DISTRIBUTION, ETC.
Date of publication, distribution, etc. 1991
300 ## - PHYSICAL DESCRIPTION
Extent 600p;18cm.
653 ## - INDEX TERM--UNCONTROLLED
Uncontrolled term Gaslight in page street.The new cockney saga from the bestselling author of paragon place.
942 ## - ADDED ENTRY ELEMENTS (KOHA)
Koha item type წიგნი
ეგზემპლარები
Withdrawn status Lost status Damaged status Not for loan Date acquired Barcode Date last seen Price effective from Koha item type
        2018-12-17 36400 2018-12-17 2018-12-17 წიგნი